000 00490nam a2200181Ii 4500
003 JO-AjNU
005 20240109123608.0
008 230605s9999||||xx |||||||||||||| ||und||
017 _a2012/7/2641
040 _aJO-AjNU
_bara
_erda
_cJO-AjNU
041 _aara
050 1 4 _aDS153.3.M34 2012
245 0 0 _aمخرج بموجب مستند اخراج رقم 60
336 _atext
_btxt
_2rdacontent
337 _aunmediated
_bn
_2rdamedia
338 _avolume
_bnc
_2rdacarrier
942 _2lcc
_cBK
999 _c28646
_d28646